Guía para la elaboración: seguimiento y valoración de proyectos curriculares de centro

Saved in:
Bibliographic Details
Main Authors: Carmen, Luis del (Author), Zabala, Antoni (Author)
Format: Book
Language:Spanish
Published: Barcelona Universidad de Barcelona 1990
Subjects:
Tags: Add Tag
No Tags, Be the first to tag this record!

MARC

LEADER 00000nam a2200000 a 4500
001 UCW6252
003 CL-VaPUC
008 911118e19900000SP |||||||||||||||||spa|d
082 0 4 |a 375  |b CAR  |2 21 
100 0 |a Carmen, Luis del  |e author  |9 311290 
700 0 |a Zabala, Antoni  |e author  |9 222236 
245 1 0 |a Guía para la elaboración: seguimiento y valoración de proyectos curriculares de centro 
300 |a 115 h 
942 |c BK 
945 |d 19911118 00:00:00 
260 |a Barcelona  |b Universidad de Barcelona  |c 1990 
650 0 |a Currículo  |9 307290 
583 |a last modification  |c 19911118 00:00:00  |k Rodrigo Vera 
999 |c 219386  |d 219384 
952 |0 0  |1 0  |4 0  |6 375_000000000000000_CAR_1990  |7 0  |8 A  |9 210274  |a BIBEDU  |b BIBEDU  |d 2019-11-15  |i 2783401  |o 375 CAR 1990  |p 2783401  |r 2019-11-15  |w 2019-11-15  |y BK  |k EDU